Crónica de una muerte anunciada

Guardat en:
Dades bibliogràfiques
Autor principal: García Márquez, Gabriel (Autor)
Format: Llibre
Idioma:espanyol
Publicat: Buenos Aires Sudamericana 1998
Edició:60a. ed
Matèries:
Etiquetes: Afegir etiqueta
Sense etiquetes, Sigues el primer a etiquetar aquest registre!

MARC

LEADER 00000nam a2200000 a 4500
001 UCH7229
003 CL-VaPUC
008 091109e19980000AG |||||||||||||||||spa|d
020 |a 9500704285 
082 0 4 |a Co863  |b GAR  |2 21 
100 0 |a García Márquez, Gabriel  |e author  |9 318478 
245 1 0 |a Crónica de una muerte anunciada 
250 |a 60a. ed 
300 |a 193 p 
942 |c BK 
945 |d 20091109 00:00:00  |a lazolas 
260 |a Buenos Aires  |b Sudamericana  |c 1998 
650 0 |a Novelas colombianas  |9 266734 
583 |a last modification  |c 20091109 00:00:00  |k Rodrigo Vera 
999 |c 337896  |d 337894